00768nam a2200241 a 450000100060000000300080000600500170001400800410003103500190007204000270009104100080011808200260012624500840015225000380023626000300027430000260030449000300033050000200036050500110038065000870039170000170047883000310049562412BD-RjUL20211209081101.0170124s1961 enk 001 0 eng d a(BD-RjUL)62538 aNJTcNJTdBD-RjULbeng aeng 223a822.309bAGE 196114aThe age of Shakespeare :ba guide to english literature /cedited by Boris Ford aNew and rev. material in this ed. aLondon :bCassell,c1961. a V. :bill. ;c21 cm.1 aThe Belle sauvage library aIncludes index. aV-2.-- 0aEnglish literatureyEarly modern and Elizabethan,1500-1600.xHistory and criticism aFord, Boris  0aThe Belle sauvage library.